Практикум по решению задач по общему курсу физики. Основы квантовой физики. Строение вещества. Атомная и ядерная физика: учебное пособие

Bibliografiska uppgifter
Övriga upphovsmän: Калашников Н. П. Николай Павлович (редактор), Кожевников Н. М. Николай Михайлович, Котырло Т. В. Тамара Васильевна, Спирин Г. Г. Геннадий Георгиевич
Sammanfattning:Изучение курса создает базис для выработки умения ориентироваться в обильном потоке научно-технической информации, своевременно распознавать перспективные научные направления, оценивать возможность их практического использования и просчитывать последствия тех или иных технологических инноваций. Предложен сборник задач с примерами решений и задачами для самостоятельной работы и контрольных занятий. В пособии подробно разобраны типичные задачи, характерные для того или иного теоретического раздела, и приведены задачи для самостоятельной работы с ответами для самоконтроля. Одной из целей курса является воспитание культуры системного подхода, навыков логического мышления, привычки обдумывать результаты, строить правильные рабочие гипотезы и четко формулировать задачу. Предназначен для студентов технических университетов.
Språk:ryska
Publicerad: Санкт-Петербург, Лань, 2014
Serie:Учебники для вузов. Специальная литература
Ämnen:
Materialtyp: Bok
KOHA link:https://koha.lib.tpu.ru/cgi-bin/koha/opac-detail.pl?biblionumber=258904

MARC

LEADER 00000nam0a2200000 4500
001 258904
005 20231101233334.0
010 |a 9785811416516 
035 |a (RuTPU)RU\TPU\book\281794 
090 |a 258904 
100 |a 20140429d2014 m y0rusy50 ca 
101 0 |a rus 
102 |a RU 
105 |a a j 001zy 
200 1 |a Практикум по решению задач по общему курсу физики. Основы квантовой физики. Строение вещества. Атомная и ядерная физика  |e учебное пособие  |f Н. П. Калашников [и др.]  |g под ред. Н. П. Калашникова 
210 |a Санкт-Петербург  |c Лань  |d 2014 
215 |a 238 с.  |c ил. 
225 1 |a Учебники для вузов. Специальная литература 
320 |a Библиогр.: с. 235. 
330 |a Изучение курса создает базис для выработки умения ориентироваться в обильном потоке научно-технической информации, своевременно распознавать перспективные научные направления, оценивать возможность их практического использования и просчитывать последствия тех или иных технологических инноваций. Предложен сборник задач с примерами решений и задачами для самостоятельной работы и контрольных занятий. В пособии подробно разобраны типичные задачи, характерные для того или иного теоретического раздела, и приведены задачи для самостоятельной работы с ответами для самоконтроля. Одной из целей курса является воспитание культуры системного подхода, навыков логического мышления, привычки обдумывать результаты, строить правильные рабочие гипотезы и четко формулировать задачу. Предназначен для студентов технических университетов. 
606 1 |a Физика  |2 stltpush  |3 (RuTPU)RU\TPU\subj\63709  |9 80688 
610 1 |a квантовая физика 
610 1 |a атомная физика 
610 1 |a ядерная физика 
610 1 |a тепловое излучение 
610 1 |a микрочастицы 
610 1 |a атом 
610 1 |a фотон 
610 1 |a волновые свойства 
610 1 |a уравнения Шредингера 
610 1 |a строение 
610 1 |a твердые тела 
610 1 |a электроны 
610 1 |a атомные ядра 
610 1 |a ядерные реакции 
610 1 |a радиоактивность 
610 1 |a элементарные частицы 
610 1 |a решение задач 
610 1 |a решения 
610 1 |a учебные пособия 
675 |a 53(076)  |v 3 
701 1 |a Калашников  |b Н. П.  |g Николай Павлович 
701 1 |a Кожевников  |b Н. М.  |g Николай Михайлович 
701 1 |a Котырло  |b Т. В.  |g Тамара Васильевна 
701 1 |a Спирин  |b Г. Г.  |g Геннадий Георгиевич 
702 1 |a Калашников  |b Н. П.  |g Николай Павлович  |4 340 
801 1 |a RU  |b 63413507  |c 20140429 
801 2 |a RU  |b 63413507  |c 20200115  |g RCR 
942 |c BK 
959 |a 77/20140429  |d 10  |e 550,00  |f ЧЗТЛ:1  |f АНЛ:1  |f УФ:8